| 000 | 00925nam a22003257a 4500 | ||
|---|---|---|---|
| 001 | 0074 | ||
| 003 | DO-SdBNP | ||
| 005 | 20231204125544.0 | ||
| 007 | 0074 | ||
| 008 | 151117b1993 spa || 00| 0 spa d | ||
| 020 | _a8478440569 | ||
| 040 |
_aBPMSU _bspa _cBPMSU |
||
| 082 | 4 |
_a863.6 _bM379c 1993 _222 |
|
| 092 |
_axxxxx _bxxxxx |
||
| 100 | 1 |
_aMartín Gaite, Carmen, _d1925-2000. |
|
| 245 | 1 | 0 |
_aCaperucita en Manhattan / _cCarmen Martín Gaite |
| 250 | _a14a ed. | ||
| 260 |
_aMadrid : _bEdiciones Siruela, _c1993 |
||
| 300 |
_a205 p. : _bil., ; _c22 cm. |
||
| 490 | 0 |
_aLas tres edades, _v3 |
|
| 590 | _aInventariado, 2023/VM | ||
| 650 | 4 | _aNovela juvenil española. | |
| 650 | 4 |
_aLibertad _v Novela juvenil. |
|
| 650 | 4 |
_aPersonas sin hogar _vNovela juvenil. |
|
| 900 | _j | ||
| 910 | _aVMateo V. Control de calidad. BPMSU | ||
| 942 |
_2ddc _cBK |
||
| 945 | _aInventariado, 2018/LP | ||
| 956 |
_aBrenda Tavárez _b10 |
||
| 999 |
_c8747 _d8747 |
||